Phương pháp dạy học môn Toán Đã được Hội đồng thẩm định của Bộ giáo dục và đào tạo giới thiệu làm sách dùng chung cho các trường đại học sư phạm

Uloženo v:
Podrobná bibliografie
Hlavní autor: Nguyễn Bá Kim (chủ biên)
Další autoři: Vũ Dương Thụy
Médium: Kniha
Vydáno: H. Giáo dục 2000
Vydání:Tái bản lần thứ hai
Témata:
Tagy: Přidat tag
Žádné tagy, Buďte první, kdo otaguje tento záznam!
Thư viện lưu trữ: Trung tâm Học liệu Lê Vũ Hùng, Trường Đại học Đồng Tháp
LEADER 01138pam a22002658a 4500
001 00023580
005 20171026081022.0
008 110627s2000 |||||| sd
020 |c 15700 
082 1 4 |a 510.7  |b PH561PH 
100 0 # |a Nguyễn Bá Kim  |e chủ biên 
245 0 0 |b Đã được Hội đồng thẩm định của Bộ giáo dục và đào tạo giới thiệu làm sách dùng chung cho các trường đại học sư phạm  |c  Nguyễn Bá Kim (ch.b), Vũ Dương Thụy  |a Phương pháp dạy học môn Toán 
250 # # |a Tái bản lần thứ hai 
260 # # |a H.  |b Giáo dục  |c 2000 
300 # # |a 251tr.  |c 21cm. 
653 # # |a Toán 
653 # # |a thiết bị 
653 # # |a phương pháp giảng dạy 
653 # # |a kế hoạch 
700 0 # |a Vũ Dương Thụy 
852 # # |j KGT.0004427, KGT.0004428, KGT.0032844  |b Kho giáo trình 
852 # # |j KGT.0004427  |j KGT.0004428  |j KGT.0032844  |j KGT.0058522 
852 # # |b Kho mượn  |j KGT.0004427 
910 |d 27/06/2011 
980 # # |a Trung tâm Học liệu Lê Vũ Hùng, Trường Đại học Đồng Tháp